Statistics for Least Corrupt Countries 2010-2019

Click here to take the quiz!

General Stats

  • This quiz has been taken 7 times
  • The average score is 15 of 20

Answer Stats

Corrupt Country% Correct
UK
100%
Austria
86%
Belguim
86%
Canada
86%
Denmark
86%
Finland
86%
Germany
86%
Iceland
86%
Ireland
86%
Luxembourg
86%
Netherlands
86%
Norway
86%
Sweden
86%
Switzerland
86%
Australia
71%
New Zealand
71%
Estonia
57%
Japan
57%
Singapore
57%
Hong Kong
0%

Score Distribution

Percentile by Number Answered

Percent of People with Each Score

Your Score History

You have not taken this quiz